Piel, pétalos, acero, sonetos y miel / (Record no. 189235)
[ view plain ]
| 000 -LEADER | |
|---|---|
| campo de control de longitud fija | 00704nam a2200193 i 4500 |
| 001 - NÚMERO DE CONTROL | |
| campo de control | 189235 |
| 003 - IDENTIFICADOR DE NÚMERO DE CONTROL | |
| campo de control | ES-MaACL |
| 005 - FECHA Y HORA DE LA ÚLTIMA TRANSACCIÓN | |
| campo de control | 20240104180753.0 |
| 008 - DATOS DE LONGITUD FIJA--INFORMACIÓN GENERAL | |
| campo de control de longitud fija | 190429s1999 cl |||| | spa d |
| 100 1# - ENTRADA PRINCIPAL--NOMBRE DE PERSONA | |
| Nombre de persona | Correa Vives, Nilda. |
| 9 (RLIN) | 166921 |
| 245 10 - MENCIÓN DEL TÍTULO | |
| Título | Piel, pétalos, acero, sonetos y miel / |
| Mención de responsabilidad, etc. | Nilda Correa Vives. |
| 260 ## - PUBLICACIÓN, DISTRIBUCIÓN, ETC. | |
| Lugar de publicación, distribución, etc. | [Santiago de Chile : |
| Nombre del editor, distribuidor, etc. | Alfonso Combeau P., |
| Fecha de publicación, distribución, etc. | 1999] |
| 300 ## - DESCRIPCIÓN FÍSICA | |
| Extensión | 87 h. ; |
| Dimensiones | 21 cm. |
| 597 ## - NOTA DE DESCRIPCIÓN FÍSICA | |
| NOTA DE DESCRIPCIÓN FÍSICA | Hojas imp. por una sola cara. |
| 852 ## - LOCALIZACIÓN | |
| Ubicación | ES-MaACL |
| Número de control de estantería | A-14524 |
| itemnumber | 196373 |
| Sublocalización o colección | R.151932 |
| Ubicación en estantería | Depósito 1 |
| Signatura antigua | Olim: N-7524 |
| Anotaciones manuscritas | Dedicatoria autógrafa de la autora |
| Donativo/Legado | Donación: Nilda Correa Vives |
| 903 ## - NOMBRE PERSONAL DE DONANTE | |
| a | Donación: Nilda Correa Vives |
| e | Donante |
| 942 ## - ELEMENTOS DE ENTRADA SECUNDARIOS (KOHA) | |
| Fuente del sistema de clasificación o colocación | Clasificación decimal universal |
| Tipo de ítem Koha | Libro impreso |
| Estatus retirado | Estado de pérdida | Fuente del sistema de clasificación o colocación | Estado de daño | No para préstamo | Colección | Biblioteca de origen | Biblioteca actual | Ubicación en estantería | Fecha de adquisición | Fuente de adquisición | Total de préstamos | Signatura topográfica completa | Código de barras | Visto por última vez | Precio de reemplazo | Tipo de ítem Koha | Nota pública |
|---|---|---|---|---|---|---|---|---|---|---|---|---|---|---|---|---|---|
| Clasificación decimal universal | Libros con dedicatorias | Biblioteca del Ateneo de Madrid | Biblioteca del Ateneo de Madrid | Depósito 1 | 29/04/2019 | Donación | A-14524 | 1200435 | 23/02/2023 | 23/02/2023 | Libro impreso | Dedicatoria autógrafa de la autora |
